[Event "Parana-ch (Women)"]
[Site "Pirai do Sul"]
[Date "2017.01.30"]
[Round "5"]
[White "Pereira, Livia de Morais"]
[Black "Ribeiro, Jessica Maria da Si"]
[Result "0-1"]
[WhiteElo "1766"]
[BlackElo "1293"]
[PlyCount "38"]
[EventDate "2017.01.28"]
[EventType "swiss"]
[EventRounds "6"]
[EventCountry "BRA"]
[SourceTitle "CBM 176 Extra"]
[Source "ChessBase"]
[SourceDate "2017.03.02"]
[SourceVersion "1"]
[SourceVersionDate "2017.03.02"]
[SourceQuality "1"]

1. d4 d5 2. Nf3 Nf6 3. Nc3 e6 4. Bg5 Be7 5. e3 0-0 6. Bd3 h6 7. Bf4 c5 8. 0-0 cxd4 9. Nxd4 Bc5 10. Qf3 Re8 11. Qg3 Nh5 12. Qg4 Nxf4 13. Qxf4 e5 14. Qf3 exd4 15. Nxd5 dxe3 16. Nxe3 Nc6 17. Rfe1 Qg5 18. Nd5 Rxe1+ 19. Rxe1 Be6 0-1